[Event "HUN-chT2 Barcza 1819"]
[Site "Hungary"]
[Date "2019.02.10"]
[Round "7.11"]
[White "Gunyecz, Zoltan"]
[Black "Szabo, Balint"]
[Result "1-0"]
[WhiteElo "1951"]
[BlackElo "1717"]
[PlyCount "69"]
[EventDate "2018.09.23"]
[EventType "team-tourn"]
[EventRounds "11"]
[EventCountry "HUN"]
[SourceTitle "CBM 189 Extra"]
[Source "ChessBase"]
[SourceDate "2019.06.03"]
[SourceVersion "1"]
[SourceVersionDate "2019.06.03"]
[SourceQuality "1"]
[WhiteTeam "Nyiregyhaza SISE"]
[BlackTeam "Szirmabesenyo"]
[WhiteTeamCountry "HUN"]
[BlackTeamCountry "HUN"]

1. d4 d5 2. c4 e6 3. cxd5 exd5 4. Nc3 c6 5. Qc2 Bd6 6. Nf3 Nf6 7. Bg5 h6 8. Bh4 Be6 9. e3 Nbd7 10. Bd3 0-0 11. 0-0 b6 12. Rfc1 Be7 13. Rab1 c5 14. Bg3 c4 15. Bf5 Bxf5 16. Qxf5 g6 17. Qc2 a6 18. Ne5 Nxe5 19. dxe5 Ne8 20. Rd1 Nc7 21. e6 Nxe6 22. Nxd5 Bc5 23. Nc7 Qc8 24. Nxa8 Qxa8 25. Qxc4 Rc8 26. Qh4 Bf8 27. Be5 Qc6 28. Bc3 b5 29. a3 Qb7 30. Rd2 Rc4 31. Qg3 Nc5 32. Qe5 f6 33. Qxf6 Bg7 34. Qxg6 Ne4 35. Rd8# 1-0

[Event "HUN-chT2 Barcza 1718"]
[Site "Hungary"]
[Date "2017.11.26"]
[Round "4.7"]
[White "Demeter, Vilmos"]
[Black "Gunyecz, Zoltan"]
[Result "0-1"]
[WhiteElo "1889"]
[BlackElo "1964"]
[PlyCount "92"]
[EventDate "2017.09.24"]
[EventType "team-tourn"]
[EventRounds "11"]
[EventCountry "HUN"]
[SourceTitle "EXT 2021"]
[Source "ChessBase"]
[SourceDate "2020.10.23"]
[SourceVersion "1"]
[SourceVersionDate "2020.10.23"]
[SourceQuality "1"]
[WhiteTeam "Hajduszoboszlo"]
[BlackTeam "Nyiregyhaza SISE"]
[WhiteTeamCountry "HUN"]
[BlackTeamCountry "HUN"]

1. b4 d5 2. Bb2 Bg4 3. g3 e6 4. a3 Nf6 5. d3 Be7 6. Bg2 0-0 7. Nf3 Nbd7 8. Nbd2 c5 9. c3 a5 10. bxc5 Nxc5 11. a4 Qc7 12. Nd4 Nxd3+ 13. exd3 Bxd1 14. Rxd1 Bc5 15. N2f3 Qb6 16. Rd2 e5 17. Nb5 e4 18. Nfd4 Bxd4 19. cxd4 exd3 20. 0-0 Rac8 21. Rxd3 Rc4 22. Ba3 Rd8 23. Bc5 Qc6 24. Ra3 b6 25. Be7 Rd7 26. Bxf6 Qxf6 27. Re1 g6 28. h4 h5 29. Re2 Qc6 30. Re5 Rxa4 31. Rxa4 Qxb5 32. Ra1 Qc4 33. Rd1 a4 34. Bf1 Qb4 35. Re8+ Kg7 36. Ra8 Rb7 37. Bg2 b5 38. Bxd5 Rd7 39. Bc6 Rxd4 40. Rxd4 Qxd4 41. Bxb5 Qd5 42. Rxa4 Qxb5 43. Ra1 Qd5 44. Ra7 Kf6 45. Ra3 Kf5 46. f3 Qc5+ 0-1

[Event "Prague op-B 14th"]
[Site "Prague"]
[Date "2015.01.13"]
[Round "6"]
[White "Gunyecz, Zoltan"]
[Black "Kunc, Jan"]
[Result "1-0"]
[WhiteElo "1921"]
[BlackElo "1706"]
[PlyCount "77"]
[EventDate "2015.01.09"]
[EventType "swiss"]
[EventRounds "9"]
[EventCountry "CZE"]
[SourceTitle "CBM 164 Extra"]
[Source "ChessBase"]
[SourceDate "2015.03.02"]
[SourceVersion "1"]
[SourceVersionDate "2015.03.02"]
[SourceQuality "1"]

1. d4 d5 2. c4 dxc4 3. Qa4+ c6 4. Qxc4 Qd5 5. Qxd5 cxd5 6. Nc3 Nf6 7. Bg5 e6 8. Rc1 Bd7 9. e3 a6 10. Bd3 Bb4 11. Nge2 0-0 12. 0-0 Nc6 13. a3 Bd6 14. f3 Rac8 15. e4 dxe4 16. fxe4 Be7 17. h3 Rfd8 18. Be3 Be8 19. Bb1 Rd7 20. Ba2 Bd8 21. e5 Nd5 22. Nxd5 exd5 23. Nc3 Bb6 24. Na4 Ba7 25. Nc5 Bxc5 26. Rxc5 Rcd8 27. Bg5 Rb8 28. Rd1 h6 29. Bh4 g5 30. Bg3 Ne7 31. e6 b6 32. exd7 bxc5 33. Bxb8 Bxd7 34. dxc5 Nc6 35. Bd6 d4 36. Bd5 Kg7 37. Bxc6 Bxc6 38. Rxd4 Kf6 39. Bf8 1-0

[Event "Prague op-B 14th"]
[Site "Prague"]
[Date "2015.01.12"]
[Round "5"]
[White "Vorisek, Jakub"]
[Black "Gunyecz, Zoltan"]
[Result "1/2-1/2"]
[WhiteElo "1716"]
[BlackElo "1921"]
[PlyCount "47"]
[EventDate "2015.01.09"]
[EventType "swiss"]
[EventRounds "9"]
[EventCountry "CZE"]
[SourceTitle "CBM 164 Extra"]
[Source "ChessBase"]
[SourceDate "2015.03.02"]
[SourceVersion "1"]
[SourceVersionDate "2015.03.02"]
[SourceQuality "1"]

1. e4 c6 2. d4 d5 3. exd5 cxd5 4. c4 Nf6 5. Nc3 Nc6 6. Bg5 Be6 7. a3 g6 8. Bxf6 exf6 9. cxd5 Bxd5 10. Qe2+ Be7 11. Qb5 Be6 12. d5 a6 13. Qa4 Bxd5 14. Rd1 Bc5 15. Nxd5 0-0 16. Nf3 Nd4 17. Rxd4 Bxd4 18. Qxd4 Re8+ 19. Be2 Re6 20. Nc3 Rd6 21. Qb4 Rb6 22. Qd4 Rxb2 23. 0-0 Rc2 24. Nd5 1/2-1/2

[Event "Prague op-B 14th"]
[Site "Prague"]
[Date "2015.01.09"]
[Round "1"]
[White "Kirs, Pavel"]
[Black "Gunyecz, Zoltan"]
[Result "0-1"]
[WhiteElo "1636"]
[BlackElo "1921"]
[PlyCount "30"]
[EventDate "2015.01.09"]
[EventType "swiss"]
[EventRounds "9"]
[EventCountry "CZE"]
[SourceTitle "CBM 164 Extra"]
[Source "ChessBase"]
[SourceDate "2015.03.02"]
[SourceVersion "1"]
[SourceVersionDate "2015.03.02"]
[SourceQuality "1"]

1. e4 c6 2. d4 d5 3. exd5 cxd5 4. Bd3 Nc6 5. c3 Qc7 6. Ne2 Bg4 7. Bf4 Qb6 8. Qd2 Nf6 9. f3 Bh5 10. a4 Bg6 11. Bb5 a6 12. a5 Qxb5 13. b4 Rc8 14. Nc1 Bxb1 15. Rxb1 Nxa5 0-1

[Event "HUN-chT2 Barcza 1415"]
[Site "Hungary"]
[Date "2014.11.16"]
[Round "?"]
[White "Vodila, Martin Botond"]
[Black "Gunyecz, Zoltan"]
[Result "1/2-1/2"]
[WhiteElo "1739"]
[BlackElo "1904"]
[PlyCount "87"]
[EventDate "2014.09.07"]
[EventType "team-tourn"]
[EventRounds "11"]
[EventCountry "HUN"]
[SourceTitle "EXT 2016"]
[Source "ChessBase"]
[SourceDate "2015.10.08"]
[SourceVersion "1"]
[SourceVersionDate "2015.10.08"]
[SourceQuality "1"]
[WhiteTeam "Edeleny"]
[BlackTeam "Nyiregyhaza"]
[WhiteTeamCountry "HUN"]
[BlackTeamCountry "HUN"]

1. e4 c6 2. d4 d5 3. exd5 cxd5 4. Bd3 Nc6 5. c3 Qc7 6. Ne2 Nf6 7. Bf4 Qb6 8. Qb3 Qxb3 9. axb3 Bg4 10. Nd2 e6 11. 0-0 Kd7 12. Ng3 Nh5 13. Nxh5 Bxh5 14. b4 Bd6 15. Bxd6 Kxd6 16. f4 Bg6 17. f5 exf5 18. Bxf5 Bxf5 19. Rxf5 f6 20. Nb3 Rhe8 21. Kf2 Re7 22. b5 Nd8 23. b6 a6 24. Ra5 Kc6 25. Raxd5 Kxb6 26. Nd2 Nc6 27. Nc4+ Kc7 28. Rc5 b6 29. d5 bxc5 30. d6+ Kd7 31. dxe7 Kxe7 32. Rxc5 Rc8 33. Nb6 Kd6 34. Rh5 Rh8 35. Nc4+ Ke6 36. Rc5 Kd7 37. b4 Rb8 38. Rd5+ Kc7 39. Ke3 Re8+ 40. Kd3 Re1 41. Rc5 Kd7 42. Nb6+ Kd6 43. Nc4+ Kd7 44. Nb6+ 1/2-1/2

[Event "HUN-chT2 Barcza 1415"]
[Site "Hungary"]
[Date "2014.10.12"]
[Round "?"]
[White "Najgebauer, Szemjon"]
[Black "Gunyecz, Zoltan"]
[Result "1-0"]
[WhiteElo "2273"]
[BlackElo "1904"]
[PlyCount "71"]
[EventDate "2014.09.07"]
[EventType "team-tourn"]
[EventRounds "11"]
[EventCountry "HUN"]
[SourceTitle "EXT 2016"]
[Source "ChessBase"]
[SourceDate "2015.10.08"]
[SourceVersion "1"]
[SourceVersionDate "2015.10.08"]
[SourceQuality "1"]
[WhiteTeam "Miskolc Sakkiskola"]
[BlackTeam "Nyiregyhaza"]
[WhiteTeamCountry "HUN"]
[BlackTeamCountry "HUN"]

1. d4 Nf6 2. Nf3 g6 3. c4 Bg7 4. Nc3 d5 5. g3 c5 6. Bg2 0-0 7. 0-0 dxc4 8. dxc5 Qa5 9. Qa4 Qxa4 10. Nxa4 Nc6 11. Bf4 Ne4 12. Rfd1 h6 13. Nd2 Nxd2 14. Bxd2 Be6 15. Bc3 Rfd8 16. Bxg7 Kxg7 17. Nc3 Na5 18. Nb5 Rdc8 19. Nd4 Bd7 20. b4 cxb3 21. axb3 Nc6 22. b4 Nxd4 23. Rxd4 Rc7 24. e3 a6 25. Rad1 Bb5 26. Ra1 Rb8 27. h4 h5 28. f4 Kf6 29. e4 e6 30. Rd6 Ke7 31. e5 Rd8 32. Rad1 Ra8 33. Rb6 Ra7 34. Rdd6 Bd7 35. Kf2 a5 36. b5 1-0

[Event "HUN-chT2 Barcza 1314"]
[Site "Hungary"]
[Date "2013.09.22"]
[Round "2"]
[White "Gunyecz, Zoltan"]
[Black "Burinda, Gabor"]
[Result "1-0"]
[WhiteElo "1866"]
[BlackElo "1700"]
[PlyCount "109"]
[EventDate "2013.09.08"]
[EventType "team-tourn"]
[EventRounds "11"]
[EventCountry "HUN"]
[SourceTitle "EXT 2016"]
[Source "ChessBase"]
[SourceDate "2015.10.08"]
[SourceVersion "1"]
[SourceVersionDate "2015.10.08"]
[SourceQuality "1"]
[WhiteTeam "Nyiregyhaza SISE"]
[BlackTeam "Kazincbarcika"]
[WhiteTeamCountry "HUN"]
[BlackTeamCountry "HUN"]

1. d4 c5 2. d5 e5 3. c4 f5 4. Nc3 Nf6 5. g3 g6 6. Bg2 d6 7. Nf3 Bg7 8. e4 0-0 9. 0-0 b5 10. cxb5 a6 11. bxa6 Nxa6 12. Nd2 f4 13. Nc4 g5 14. Nb5 Bg4 15. f3 Qd7 16. a4 Bh3 17. Nb6 Qb7 18. Nxa8 Bxg2 19. Kxg2 Rd8 20. Bd2 Qxa8 21. b4 Nxb4 22. Bxb4 cxb4 23. Qb3 h5 24. Qxb4 Bf8 25. Rac1 g4 26. gxf4 exf4 27. Rc7 Rc8 28. Rxc8 Qxc8 29. Qc3 gxf3+ 30. Qxf3 Ng4 31. Kh1 Qc2 32. Qg2 Qxa4 33. h3 Qxb5 34. hxg4 hxg4 35. Qxg4+ Bg7 36. Rg1 Qb2 37. Qxf4 Qd4 38. Qg4 Kh8 39. Rc1 Qd2 40. Rc8+ Kh7 41. Qh3+ Qh6 42. Qxh6+ Kxh6 43. Kg2 Be5 44. Rf8 Kg6 45. Kf3 Bh2 46. Kg4 Be5 47. Re8 Bh2 48. Re6+ Kf7 49. Kf5 Bg3 50. Kg4 Bh2 51. Kf3 Kg7 52. Ke3 Be5 53. Kd3 Bh2 54. Kc4 Kf7 55. Kb5 1-0

[Event "Prague op-B 12th"]
[Site "Prague"]
[Date "2013.??.??"]
[Round "2"]
[White "Celba, Pavel"]
[Black "Gunyecz, Zoltan"]
[Result "0-1"]
[WhiteElo "1736"]
[BlackElo "1900"]
[PlyCount "58"]
[EventDate "2013.01.09"]
[EventType "swiss"]
[EventRounds "9"]
[EventCountry "CZE"]
[SourceTitle "CBM 152 Extra"]
[Source "ChessBase"]
[SourceDate "2013.02.25"]
[SourceVersion "1"]
[SourceVersionDate "2013.02.25"]
[SourceQuality "1"]

1. e4 c6 2. d4 d5 3. exd5 cxd5 4. Bd3 Nc6 5. c3 Nf6 6. Nd2 Bg4 7. Ngf3 e6 8. 0-0 Qc7 9. h3 Bh5 10. Re1 Bd6 11. Nf1 0-0 12. Bg5 Rfc8 13. Bh4 a6 14. Bg3 b5 15. Bxd6 Qxd6 16. Ng3 Bg6 17. a3 Nh5 18. Bxg6 hxg6 19. Nxh5 gxh5 20. Ne5 g6 21. Qd3 Nxe5 22. Rxe5 Kg7 23. Rae1 Rab8 24. R1e3 a5 25. Rg3 Rh8 26. Qe2 b4 27. axb4 axb4 28. Rxh5 Rxh5 29. Qxh5 Qxg3 0-1

[Event "Prague op-B 12th"]
[Site "Prague"]
[Date "2013.??.??"]
[Round "3"]
[White "Gunyecz, Zoltan"]
[Black "Rajaryan, Kuvelkar"]
[Result "0-1"]
[WhiteElo "1900"]
[BlackElo "1776"]
[PlyCount "92"]
[EventDate "2013.01.09"]
[EventType "swiss"]
[EventRounds "9"]
[EventCountry "CZE"]
[SourceTitle "CBM 152 Extra"]
[Source "ChessBase"]
[SourceDate "2013.02.25"]
[SourceVersion "1"]
[SourceVersionDate "2013.02.25"]
[SourceQuality "1"]

1. d4 Nf6 2. c4 g6 3. Nc3 Bg7 4. e4 d6 5. Be2 0-0 6. Nf3 e5 7. d5 Na6 8. Bg5 c6 9. Nd2 Nc7 10. 0-0 h6 11. Be3 Nh7 12. b4 f5 13. f3 cxd5 14. cxd5 a6 15. Na4 Nb5 16. Bxb5 axb5 17. Nb6 Ra6 18. Nxc8 Qxc8 19. Qc1 Qd7 20. Nb3 f4 21. Bf2 Raa8 22. Qb2 g5 23. Qe2 h5 24. Rac1 Bf6 25. Bb6 Rfc8 26. Na5 Nf8 27. h3 Ng6 28. Rfd1 Ne7 29. Kh2 Kf7 30. Qf1 Ra6 31. Bg1 g4 32. Rxc8 Nxc8 33. Qe2 g3+ 34. Kh1 Bd8 35. Nb3 h4 36. Rc1 Ne7 37. Rc2 Ng8 38. Qd3 Nf6 39. Qc3 Ra8 40. Qb2 Nh7 41. Na5 Ng5 42. Qc1 Nxh3 43. Nxb7 Qxb7 44. gxh3 Ke7 45. Rc6 Rxa2 46. Rc8 Qd7 0-1

[Event "Prague op-A 11th"]
[Site "Prague"]
[Date "2012.01.18"]
[Round "7"]
[White "Anaskin, Arsenij"]
[Black "Gunyecz, Zoltan"]
[Result "1-0"]
[WhiteElo "1859"]
[BlackElo "1978"]
[PlyCount "61"]
[EventDate "2012.01.13"]
[EventType "swiss"]
[EventRounds "9"]
[EventCountry "CZE"]
[SourceTitle "CBM 146 Extra"]
[Source "ChessBase"]
[SourceDate "2012.02.29"]
[SourceVersion "1"]
[SourceVersionDate "2012.02.29"]
[SourceQuality "1"]

1. e4 c6 2. d4 d5 3. e5 Bf5 4. h4 h6 5. g4 Be4 6. f3 Bg6 7. h5 Bh7 8. Bd3 Bxd3 9. Qxd3 e6 10. Ne2 c5 11. c3 Nd7 12. f4 cxd4 13. cxd4 Bb4+ 14. Nbc3 Ne7 15. Bd2 a6 16. Kf2 Rc8 17. Rac1 Nb6 18. Nb5 Rxc1 19. Rxc1 Bxd2 20. Nd6+ Kf8 21. Qxd2 Nc4 22. Nxc4 dxc4 23. Rxc4 Nd5 24. Qc1 Qh4+ 25. Ng3 Ke7 26. Kf3 Qh2 27. Rc7+ Kf8 28. Rc8+ Ke7 29. Rxh8 f5 30. Nxf5+ exf5 31. Qc5+ 1-0

[Event "Prague op-A 11th"]
[Site "Prague"]
[Date "2012.01.13"]
[Round "1"]
[White "Gunyecz, Zoltan"]
[Black "Burdov, Petr"]
[Result "1/2-1/2"]
[WhiteElo "1978"]
[BlackElo "1676"]
[PlyCount "113"]
[EventDate "2012.01.13"]
[EventType "swiss"]
[EventRounds "9"]
[EventCountry "CZE"]
[SourceTitle "CBM 146 Extra"]
[Source "ChessBase"]
[SourceDate "2012.02.29"]
[SourceVersion "1"]
[SourceVersionDate "2012.02.29"]
[SourceQuality "1"]

1. d4 d5 2. c4 Nf6 3. cxd5 Nxd5 4. Nf3 e6 5. e4 Nf6 6. Nc3 Be7 7. Be2 0-0 8. 0-0 c5 9. Bg5 Nfd7 10. Be3 Nc6 11. Rc1 cxd4 12. Nxd4 Nxd4 13. Bxd4 e5 14. Be3 Bg5 15. Qd2 Bxe3 16. Qxe3 Qb6 17. Qd2 Nf6 18. Nd5 Nxd5 19. exd5 Rd8 20. Rfd1 Qd6 21. Qc3 Bf5 22. Qc7 Qxc7 23. Rxc7 Rd7 24. d6 Rad8 25. Rxd7 Bxd7 26. Bc4 Kf8 27. Kf1 a6 28. Ke2 Bb5 29. Bxb5 axb5 30. Rd5 f6 31. Rxb5 Rd7 32. Rb6 Kf7 33. Ke3 Ke6 34. f4 Kd5 35. b4 e4 36. g4 g6 37. a4 f5 38. h3 h6 39. a5 Kc4 40. h4 fxg4 41. Kxe4 h5 42. Ke3 Kc3 43. b5 Kc4 44. a6 bxa6 45. bxa6 Kc5 46. Rb7 Rxd6 47. a7 Ra6 48. Rg7 Kc4 49. Rxg6 Rxa7 50. f5 Kd5 51. Rg5 Ke5 52. Rxh5 Ra3+ 53. Ke2 Rf3 54. Rg5 Rxf5 55. Rxg4 Rf4 56. Rg5+ Kf6 57. Rh5 1/2-1/2

[Event "HUN-chT2 Maroczy 1011"]
[Site "Hungary"]
[Date "2011.05.01"]
[Round "10"]
[White "Gunyecz, Zoltan"]
[Black "Karsai, Jozsef"]
[Result "1-0"]
[WhiteElo "1981"]
[BlackElo "1878"]
[PlyCount "80"]
[EventDate "2010.09.12"]
[EventType "team-tourn"]
[EventRounds "11"]
[EventCountry "HUN"]
[SourceTitle "EXT 2012"]
[Source "ChessBase"]
[SourceDate "2011.11.24"]
[SourceVersion "1"]
[SourceVersionDate "2011.11.24"]
[SourceQuality "1"]
[WhiteTeam "Nyiregyhaza"]
[BlackTeam "Penzugyor II"]
[WhiteTeamCountry "HUN"]
[BlackTeamCountry "HUN"]

1. d4 d6 2. c4 Nf6 3. Nc3 g6 4. e4 Bg7 5. Nf3 0-0 6. h3 Na6 7. Be3 c6 8. Be2 Qc7 9. Qd2 e5 10. d5 cxd5 11. Nxd5 Nxd5 12. cxd5 Qe7 13. Bxa6 bxa6 14. 0-0 f5 15. Bg5 Qf7 16. exf5 gxf5 17. Bh6 f4 18. Bxg7 Qxg7 19. Kh2 Rf6 20. Qa5 e4 21. Nd4 Bd7 22. Ne6 Bxe6 23. dxe6 Rxe6 24. Qd5 Rae8 25. Rae1 Qe5 26. Rd1 Qxb2 27. Qg5+ Qg7 28. Qxf4 Rf8 29. Qe3 Qe5+ 30. Kg1 Rf7 31. Rd2 Rg6 32. Re1 d5 33. Qb3 d4 34. Qc4 Qg5 35. f4 Qg3 36. Rxe4 Rb6 37. Re8+ Kg7 38. Qxd4+ Kh6 39. Qe4 Rff6 40. Re7 Rg6 1-0

[Event "Prague op-B 10th"]
[Site "Prague"]
[Date "2011.01.13"]
[Round "8"]
[White "Gunyecz, Zoltan"]
[Black "Bartos, Jan"]
[Result "0-1"]
[WhiteElo "1991"]
[BlackElo "2203"]
[PlyCount "32"]
[EventDate "2011.01.07"]
[EventType "swiss"]
[EventRounds "9"]
[EventCountry "CZE"]
[SourceTitle "CBM 140 Extra"]
[Source "ChessBase"]
[SourceDate "2011.03.01"]
[SourceVersion "1"]
[SourceVersionDate "2011.03.01"]
[SourceQuality "1"]

1. d4 Nf6 2. c4 g6 3. Nc3 Bg7 4. e4 d6 5. Be2 0-0 6. Nf3 e5 7. d5 a5 8. Bg5 h6 9. Bh4 Na6 10. Nd2 Qe8 11. 0-0 Bd7 12. b3 Nh7 13. a3 h5 14. f3 Bh6 15. Bf2 Qe7 16. Qb1 Bxd2 0-1

[Event "Prague op-B 10th"]
[Site "Prague"]
[Date "2011.01.09"]
[Round "3"]
[White "Istel, Oldrich"]
[Black "Gunyecz, Zoltan"]
[Result "1-0"]
[WhiteElo "1701"]
[BlackElo "1991"]
[PlyCount "67"]
[EventDate "2011.01.07"]
[EventType "swiss"]
[EventRounds "9"]
[EventCountry "CZE"]
[SourceTitle "CBM 140 Extra"]
[Source "ChessBase"]
[SourceDate "2011.03.01"]
[SourceVersion "1"]
[SourceVersionDate "2011.03.01"]
[SourceQuality "1"]

1. Nf3 Nf6 2. b3 g6 3. Bb2 Bg7 4. e3 0-0 5. g3 d5 6. d4 Bg4 7. Bg2 Ne4 8. Nbd2 c5 9. h3 Bf5 10. 0-0 Nc6 11. Nxe4 dxe4 12. Ne5 Nxe5 13. dxe5 h5 14. Qe2 Qc8 15. Kh2 Qe6 16. f4 exf3 17. Qxf3 Rab8 18. e4 Bxe4 19. Qxe4 Rfd8 20. Rad1 Qa6 21. Qf4 Rf8 22. a4 b5 23. axb5 Qxb5 24. Bd5 e6 25. Bc4 Qc6 26. Rd6 Qc7 27. Qe4 a5 28. Rf6 Bxf6 29. exf6 Qxd6 30. Qe3 Rbd8 31. Bd3 h4 32. Be5 Qd5 33. Qh6 hxg3+ 34. Kg1 1-0